000 00525nam a2200145 a 4500
001 ASIN0803107633
005 20140917210034.0
008 140917s1981 xxu eng d
020 _a0803107633 (unknown binding)
020 _a9780803107632 (unknown binding)
245 0 0 _aAnalysis of waters associated with alternative fuel production.
260 _a[S.l.] :
_bASTM International,
_c1981.
300 _a1 v. (unpaged) ;
_c18 cm.
856 4 0 _3Amazon.com
_uhttp://www.amazon.com/exec/obidos/ASIN/0803107633/chopaconline-20
999 _c10014
_d10014